Idiomas por mapas #2 - Estadísticas

Estadísticas generales
  • Esta prueba ha sido intentada 152 veces
  • La puntuación promedio es 14 de 25
Estadísticas de respuestas
Imagen Respuesta % Correcto
Neerlandés
90%
Polaco
89%
Croata
86%
Danés
84%
Islandés
83%
Escocés
81%
Albanés
80%
Rumano
80%
Tailandés
80%
Ucraniano
78%
Kazajo
73%
Kurdo
67%
Kichwa Ecuatoriano
57%
Occitano
50%
Malgache
48%
Chino Wu
46%
Tagalo
46%
Tamil
44%
Checheno
40%
Véneto
36%
Feroés
30%
Baluchi
19%
Bislama
11%
Chamorro
8%
Tetum
8%
No se encontraron pruebas coincidentes
Distribución de puntuación
Porcentaje de gente con cada puntuación
Porcentaje por número respondido
Historial de tus puntuaciones
No has intentado esta prueba.